02826nam a2200685 a 450000500170000000800410001702000150005804100080007310000190008124500670010025000120016726000510017930000160023050001340024665300220038065300320040265300210043465300650045565300230052065300490054365300220059265300480061465300340066265300600069665300170075665300420077365300210081565300470083665300130088365300390089665300210093565300470095665300170100365300430102065300220106365300480108565300240113365300500115765300440120765300700125165300270132165300380134865300500138665300760143665300410151265300450155365300710159865300440166965300560171365300320176965300310180165300290183265300310186165300260189265300280191865300580194665300550200465300580205970000230211720240830171324.0100322t2005||||mx a f |||| 001 0 spa d a9701055047 aspa1 aAfifi, Adel K. aNeuroanatomía funcional.b Texto y Atlas / cAdel K. Afifi. a2a ed.  aMéxico: bMcGraw-Hill Interamericana;c2005. a494 p.bil. aAfifi, A. K. y Bergman, R. A. (2005). Neuroanatomía funcional. Texto y Atlas. (2a ed.). México : McGRaw Hill Interamericana.  aNeurohistología aTopografía macroscópica aMédula espinal aCorrelaciones clínicas anatómicas de la médula espinal aMédula Oblongada aMédula Oblongada: Correlaciones clínicas aPuente de Varolio aPuente de Varolio: correlaciones clínicas aMesencéfalo (cerebro medio) aMesencéfalo (cerebro medio): correlaciones clínicas aDiencéfalo aDiencéfalo:correlaciones clínicas aGanglios basales aGanglios basales: correlaciones clínicas aCerebelo aCerebelo: correlaciones clínicas aCorteza cerebral aCorteza cerebral: correlaciones clínicas aHipotálamo aHipotálamo: correlaciones clínicas aSistema Límbico aSistema Límbico: correlaciones clínicas aSentidos especiales aSentidos especiales: correlaciones clínicas aDesarrollo del sistema nervioso central aDesarrollo del sistema nervioso central: correlaciones clínicas aCirculación cerebral aSíndromes vasculares cerebrales aLíquido cerebroespinal y sistema de barrera aLíquido cerebroespinal y sistema de barrera: correlaciones clínicas aVías sensoriales y motoras mayores aFormación reticular, vigilia y sueño aFormación reticular, vigilia y sueño: correlaciones clínicas aControl y de la postura y el movimiento aEstudio del paciente con un trastorno neurológico aAtlas: Anatomía seccional aAtlas: Sagital de Yakovlev aAtlas: Axil de Yakovlev aAtlas: Coronal de Yakovlev aAtlas: Tallo cerebral aAtlas: Médula espinal aAtlas: Imágenes de resonancia magnética sagitales aAtlas: Imágenes de resonancia magnética axiles aAtlas: Imágenes de resonancia magnética coronales aBergman, Ronald A.